Score 0/15 Timer 02:00
0 Plays Today
Clue 4-Letter Word % Correct
Lady Gaga: Poker ____FACE
96.7%
Hozier: '____ Me To Church'TAKE
96.4%
____ of the drawLUCK
96%
CounterfeitFAKE
95.8%
'Watch your head!'DUCK
94%
Armed military vehicleTANK
93.5%
DeficiencyLACK
91.7%
Adhesive strip type/brand [Part 1]TAPE
87%
Clue 4-Letter Word % Correct
Stratego or military levelRANK
84.2%
Adhesive strip type/brand [Part 1]DUCT
82.3%
Bulletin board itemTACK
82.3%
Fifteen-ball clusterRACK
80.7%
Meal in a shellTACO
68.4%
Marathoner's concernPACE
68%
Francisco's nicknamePACO
55.8%

Today's Daily Dose

Missing Word
3 Word TV Shows

Word Ladder
Olsen Twins

Quick Pick
TLC Shows

You're not logged in!

Compare scores with friends on all Sporcle quizzes.
OR
Log In

Sporcle TV

Today on Sporcle TV


Watch our educational content, quiz creation guides, and fun videos on Sporcle TV.

Show Comments

Extras

Top Quizzes Today


Score Distribution

Paid Content

Your Account Isn't Verified!

In order to create a playlist on Sporcle, you need to verify the email address you used during registration. Go to your Sporcle Settings to finish the process.

Report this User

Report this user for behavior that violates our Community Guidelines.

Details: